| 000 | 01013nam a2200229 i 4500 | ||
|---|---|---|---|
| 001 | 163236 | ||
| 003 | ES-MaACL | ||
| 005 | 20250915231128.0 | ||
| 008 | 941027s1860 fr a |||| | fre d | ||
| 040 |
_aCAT _bspa _cCAT _dCCPB |
||
| 080 | _a615 | ||
| 100 | 1 |
_aRemak, Robert ( _d1815-1865) _9131683 |
|
| 245 | 1 | 0 |
_aGalvanothérapie ou De l'application du courant galvanique constant au traitement des maladies nerveuses et musculaires / _cpar le docteur Robert Remak ; traduit de l'allemand par le docteur Alp. Morpain ; avec les additions de l'auteur. |
| 246 | 2 | 3 | _aDe l'application du courant galvanique constant au traitement des maladies nerveuses et musculaires |
| 260 |
_aParis [etc.] : _bJ.B. Baillière et fils [etc.], _c1860. |
||
| 300 |
_aXX, 467 p. : _bil. ; _c21 cm. |
||
| 504 | _aReferencias bibliográficas. | ||
| 650 | 4 |
_aElectroterapia. _912170 |
|
| 700 | 1 |
_aMorpain, Denis-Alphonse-François, _d1826-1870 _9130216 |
|
| 852 |
_aES-MaACL _jG-15242 _z- Enc. hol. |
||
| 999 |
_c163236 _d163236 |
||